[Event "Kiev Spring op"]
[Site "Kiev"]
[Date "2021.07.12"]
[Round "3"]
[White "Romanov, Vladimir"]
[Black "Russeva, Mariia"]
[Result "1-0"]
[WhiteElo "2045"]
[BlackElo "1388"]
[PlyCount "91"]
[EventDate "2021.07.10"]
[EventType "swiss"]
[EventRounds "9"]
[EventCountry "UKR"]
[SourceTitle "EXT 2024"]
[Source "ChessBase"]
[SourceDate "2023.10.10"]
[SourceVersion "1"]
[SourceVersionDate "2023.10.10"]
[SourceQuality "1"]

1. e4 e5 2. Nf3 Nc6 3. Bb5 a6 4. Ba4 Nf6 5. 0-0 b5 6. Bb3 Be7 7. d4 d6 8. c3 0-0 9. h3 Bb7 10. Nbd2 Nd7 11. d5 Na5 12. Bc2 Nb6 13. b3 f5 14. Qe2 Bc8 15. c4 fxe4 16. Bxe4 bxc4 17. bxc4 Nb7 18. Nb3 Na4 19. Qc2 h6 20. Be3 Bd7 21. c5 Bb5 22. Rfe1 Qc8 23. Rac1 Bf6 24. c6 Nd8 25. Bf5 Qb8 26. Qd2 Nf7 27. Bb1 Re8 28. Be4 Qd8 29. Bf5 e4 30. Nfd4 Bd3 31. Ne6 Qb8 32. f3 Bb2 33. fxe4 Bxc1 34. Rxc1 Bb5 35. Qf2 Ne5 36. Qg3 Rxe6 37. dxe6 Bxc6 38. Rxc6 Nxc6 39. Bxh6 Qf8 40. Qg6 Qf6 41. Qh7+ Kf8 42. Qh8+ Ke7 43. Qxa8 Qxh6 44. Qxc6 Qe3+ 45. Kf1 Nc5 46. Qxc7+ 1-0